[Event "World Blitz 2015"]
[Site "Berlin GER"]
[Date "2015.10.14"]
[Round "21.83"]
[White "Petursson, Margeir"]
[Black "Valdes Romero, Leonardo"]
[Result "1-0"]
[WhiteTitle "GM"]
[BlackTitle "IM"]
[WhiteElo "2520"]
[BlackElo "2362"]
[WhiteFideId "2300028"]
[BlackFideId "6500331"]
[EventDate "2015.10.13"]

1. c4 Nf6 2. Nc3 d6 3. d4 Nbd7 4. e4 e5 5. Nf3 Be7 6. Be2 O-O 7. O-O c6 8. Re1
a6 9. Bf1 b5 10. c5 Qc7 11. cxd6 Bxd6 12. h3 Bb7 13. Bg5 exd4 14. Nxd4 Bh2+ 15.
Kh1 Bf4 16. Bxf4 Qxf4 17. Qf3 Qxf3 18. Nxf3 Nb6 19. e5 Nfd5 20. Ne4 Nd7 21. Rac1
Rab8 22. Nd6 Ba8 23. Nd4 c5 24. N4f5 c4 25. Rcd1 Nc5 26. Rxd5 Bxd5 27. Ne7+ Kh8
28. Nxd5 Na4 29. b3 cxb3 30. axb3 Nc5 31. b4 Ne6 32. f4 g6 33. g4 Ra8 34. f5
gxf5 35. gxf5 Ng7 36. Nf6 a5 37. Nd7 Kg8 38. Nxf8 Kxf8 39. bxa5 Rxa5 40. Bxb5
Nh5 41. Rc1 Kg7 42. f6+ Kh6 43. Rg1 Nf4 44. Nxf7+ Kh5 45. Be8 Kh4 46. Ng5 Ra3
47. Rg4# 1-0

[Event "World Blitz 2015"]
[Site "Berlin GER"]
[Date "2015.10.14"]
[Round "21.85"]
[White "Olafsson, Helgi"]
[Black "Stern, Rene"]
[Result "1-0"]
[WhiteTitle "GM"]
[BlackTitle "GM"]
[WhiteElo "2549"]
[BlackElo "2538"]
[WhiteFideId "2300010"]
[BlackFideId "4611799"]
[EventDate "2015.10.13"]

1. d4 Nf6 2. c4 e6 3. Nf3 Bb4+ 4. Nbd2 O-O 5. a3 Bxd2+ 6. Bxd2 b6 7. Bg5 Bb7 8.
e3 d6 9. Bd3 Nbd7 10. O-O h6 11. Bh4 Qe8 12. Nd2 e5 13. b4 e4 14. Bc2 d5 15. c5
Qe6 16. Bg3 Ba6 17. Re1 c6 18. a4 b5 19. Qe2 Rfe8 20. Ra3 Nf8 21. Rea1 Qc8 22.
Qe1 Qb7 23. Nb3 bxa4 24. Na5 Qd7 25. Bxa4 Bb5 26. Bxb5 cxb5 27. Nb3 Ne6 28. Qe2
Re7 29. Ra5 Ng5 30. Rxb5 Nh5 31. Rba5 Nxg3 32. hxg3 Qf5 33. Nd2 Rb8 34. b5 Reb7
35. c6 Rb6 36. Rxa7 Ne6 37. Ra8 Kh7 38. Rxb8 Rxb8 39. Rc1 Nc7 40. Rc5 Qe6 41.
Nb1 Qd6 42. Nc3 Ne6 43. Rxd5 Qb4 44. Qc2 Qc4 45. Qxe4+ g6 46. Rd7 Kg8 47. Nd5
Ra8 48. Nf6+ Kg7 49. Qe5 Ra1+ 50. Kh2 Qf1 51. Nh5+ Kg8 52. Rd8+ 1-0

[Event "World Blitz 2015"]
[Site "Berlin GER"]
[Date "2015.10.14"]
[Round "21.86"]
[White "Carow, Johannes"]
[Black "Ben Artzi, Ido"]
[Result "0-1"]
[WhiteTitle "FM"]
[BlackTitle "IM"]
[WhiteElo "2431"]
[BlackElo "2419"]
[WhiteFideId "24692050"]
[BlackFideId "2810913"]
[EventDate "2015.10.13"]

1. d4 Nf6 2. c4 e6 3. Nc3 d5 4. cxd5 exd5 5. Bg5 Be7 6. e3 c6 7. Bd3 O-O 8. Qc2
Nbd7 9. Nf3 Re8 10. h3 Nf8 11. Bf4 Ng6 12. Bh2 Bd6 13. Bxd6 Qxd6 14. O-O-O b5
15. Kb1 Bd7 16. Rc1 a5 17. Ne2 Ne4 18. Bxe4 Rxe4 19. Qc5 Qxc5 20. Rxc5 a4 21. a3
f6 22. Nc3 Ree8 23. Na2 Kf7 24. Nb4 Ne7 25. Ka1 Ke6 26. Rhc1 Kd6 27. Ne1 Rac8
28. R5c3 Bf5 29. Ned3 Bxd3 30. Rxd3 Rf8 31. Rdc3 f5 32. Nd3 Ng6 33. f4 Rfe8 34.
Ne5 Nxe5 35. fxe5+ Kd7 36. Rc5 Re6 37. Rf1 Rf8 38. g4 g6 39. Rc2 Ree8 40. Rcf2
Ke6 41. Kb1 Rf7 42. Kc2 c5 43. Kd3 cxd4 44. exd4 Ref8 45. gxf5+ Rxf5 46. Rxf5
gxf5 47. Ke3 Rc8 48. Kd2 Rg8 49. Rc1 Rg2+ 50. Ke3 Rxb2 51. Rc6+ Ke7 52. Rh6 Rb3+
53. Kf4 Rxa3 54. Rxh7+ Ke6 55. Rh6+ Ke7 56. Rh7+ Ke6 57. Rh6+ Kf7 58. Rh7+ Kg6
59. Rb7 Rxh3 60. Rxb5 Rh4+ 61. Ke3 Re4+ 62. Kd3 a3 63. Rb6+ Kg5 64. Rd6 Re1 65.
Ra6 Rh1 66. e6 Kf6 67. Kc2 a2 68. Rxa2 Rh2+ 69. Kb3 Rxa2 70. Kxa2 Kxe6 71. Kb3
f4 72. Kc3 Kf5 73. Kd3 Kg4 0-1

[Event "World Blitz 2015"]
[Site "Berlin GER"]
[Date "2015.10.14"]
[Round "21.87"]
[White "Kulon, Klaudia"]
[Black "Sawlin, Leonid"]
[Result "1-0"]
[WhiteTitle "WGM"]
[WhiteElo "2324"]
[BlackElo "2258"]
[WhiteFideId "1131044"]
[BlackFideId "4689542"]
[EventDate "2015.10.13"]

1. e4 e6 2. d4 d5 3. e5 c5 4. c3 Qb6 5. Nf3 Bd7 6. a3 a5 7. a4 Nc6 8. Be2 f6 9.
exf6 Nxf6 10. O-O cxd4 11. cxd4 Bd6 12. Nc3 Rc8 13. Nb5 Bb8 14. Bg5 O-O 15. Re1
Ne4 16. Bh4 Nb4 17. Rc1 Rxc1 18. Qxc1 Rc8 19. Qb1 Nd6 20. Ng5 Nf5 21. Bg4 Rf8
22. Bg3 Bxg3 23. hxg3 h6 24. Nf3 Bxb5 25. axb5 Nxd4 26. Nxd4 Qxd4 27. Bxe6+ Kh8
28. Re2 Nd3 29. Qc2 Nc5 30. Rd2 Qe5 31. Bxd5 b6 32. Bf3 Qf6 1-0

[Event "World Blitz 2015"]
[Site "Berlin GER"]
[Date "2015.10.14"]
[Round "21.88"]
[White "Hilverda, Alexander"]
[Black "Przybylski, Wojciech"]
[Result "0-1"]
[BlackTitle "FM"]
[WhiteElo "2384"]
[BlackElo "2354"]
[WhiteFideId "4695437"]
[BlackFideId "1117599"]
[EventDate "2015.10.13"]

1. d4 d5 2. c4 c6 3. Nf3 Nf6 4. Nc3 e6 5. Bg5 h6 6. Bxf6 Qxf6 7. e3 Nd7 8. Bd3
g6 9. O-O Bg7 10. e4 dxe4 11. Bxe4 O-O 12. Re1 Qd8 13. Qc2 c5 14. Rad1 cxd4 15.
Nxd4 Qf6 16. Ndb5 Nc5 17. Bf3 a5 18. Nd6 Rb8 19. h3 Qe7 20. Ncb5 Bd7 21. b3 Bc6
22. Qe2 Rfd8 23. Qe3 Na6 24. Be4 Nc7 25. Nxc7 Qxc7 26. Nb5 Bxb5 27. cxb5 b6 28.
Rc1 Qe7 29. Rc4 Rd7 30. Rec1 Kh7 31. g3 Qd8 32. Kg2 Bd4 33. Qf3 Bc5 34. Bc6 Rc7
35. Rf4 Qe7 36. Rd1 e5 37. Re4 Rf8 38. Qe2 f6 39. h4 h5 40. Rd5 Qf7 41. Qd3 Re7
42. Re2 Bd4 43. Qc4 Kg7 44. a4 Rc8 45. Qd3 Rxc6 46. Rxd4 Rce6 47. Rd5 e4 48. Qd4
Kh7 49. Re3 Qe8 50. Rd6 f5 51. Rxb6 Rxb6 52. Qxb6 Qf7 53. Qd6 Rd7 54. Qe5 Re7
55. Qd4 Qe6 56. Qc4 Qd6 57. Qc6 Qe5 58. b6 f4 59. gxf4 Qxf4 60. Rg3 Qf5 61. Qd6
Rf7 62. Qd4 Qe6 63. Qe3 Qc6 64. Kh2 Qc2 65. Kg2 Qc6 66. Kh2 Qd5 67. Kg2 Kg7 68.
Rg5 Qc6 69. Qd4+ Kh7 70. Qe3 Rb7 71. Re5 Rxb6 72. Qxe4 Qxe4+ 73. Rxe4 Rxb3 74.
Re5 Rb4 75. Rxa5 Rxh4 76. Ra7+ Kh6 77. a5 Ra4 78. Kg3 Ra3+ 79. f3 Kg5 80. a6 h4+
81. Kg2 Ra2+ 82. Kg1 Kf4 83. Rf7+ Kg3 84. Kf1 Rxa6 85. f4 h3 86. f5 h2 87. Rh7
Ra1+ 88. Ke2 h1=Q 89. Rxh1 Rxh1 90. fxg6 Rh8 0-1

[Event "World Blitz 2015"]
[Site "Berlin GER"]
[Date "2015.10.14"]
[Round "21.89"]
[White "Wendt, Jan-Dietrich"]
[Black "Berend, Elvira"]
[Result "0-1"]
[WhiteTitle "FM"]
[BlackTitle "WGM"]
[WhiteElo "2332"]
[BlackElo "2370"]
[WhiteFideId "4623797"]
[BlackFideId "4000510"]
[EventDate "2015.10.13"]

1. Nf3 Nf6 2. c4 g6 3. Nc3 Bg7 4. e4 d6 5. d4 O-O 6. Be2 e5 7. O-O Nc6 8. Be3
Ng4 9. Bg5 f6 10. Bc1 Nh6 11. d5 Ne7 12. b4 Nf7 13. a4 a5 14. Ba3 f5 15. Bd3 f4
16. c5 g5 17. Nd2 g4 18. Nc4 Ng6 19. bxa5 Qh4 20. g3 Qh3 21. Re1 Ng5 22. Be2
fxg3 23. fxg3 Nh4 24. gxh4 g3 25. hxg3 Qxg3+ 26. Kh1 Rf2 0-1

[Event "World Blitz 2015"]
[Site "Berlin GER"]
[Date "2015.10.14"]
[Round "21.90"]
[White "Camacho Collados, Jose"]
[Black "Thiede, Lars"]
[Result "0-1"]
[WhiteTitle "IM"]
[BlackTitle "IM"]
[WhiteElo "2383"]
[BlackElo "2437"]
[WhiteFideId "2265427"]
[BlackFideId "4607759"]
[EventDate "2015.10.13"]

1. Nf3 Nf6 2. g3 g6 3. Bg2 Bg7 4. d4 O-O 5. O-O d6 6. a4 Nbd7 7. a5 a6 8. d5 Nc5
9. Nd4 Rb8 10. Nc3 e5 11. dxe6 Nxe6 12. Nb3 Re8 13. h3 Bd7 14. e4 Bc6 15. Be3
Nd7 16. f4 Bxc3 17. bxc3 Nec5 18. Nxc5 Nxc5 19. e5 Bxg2 20. Kxg2 Ne4 21. Qd4 f5
22. Rfd1 Qe7 23. exd6 Nxd6 24. Qd5+ Qf7 25. Kf3 Nc4 26. Qxf7+ Kxf7 27. Bd4 Rbd8
28. Ra4 Nd6 29. Rb4 Nb5 30. Rdb1 b6 31. axb6 cxb6 32. Bxb6 Rd2 33. c4 Na3 34.
Ra1 Nxc2 35. Rb2 Rd3+ 36. Kg2 Nxa1 37. c5 Rb3 38. Ra2 Re1 39. Rxa6 Re2+ 40. Kf1
Rh2 41. Kg1 Rc2 42. Rxa1 Rxg3+ 43. Kf1 Rxh3 44. Kg1 Ke6 45. Rd1 h6 46. Rd6+ Ke7
47. Rxg6 Rb3 48. Kh1 Rb1+ 49. Rg1 Rxg1+ 50. Kxg1 Ke6 51. Kf1 Kd5 52. Ke1 Ke4 53.
Kd1 Rc4 54. Kd2 Kxf4 55. Kd3 Rc1 56. Kd2 Rb1 57. Bc7+ Ke4 58. c6 Rb4 59. Kc3 Ra4
60. Bb8 Ra6 61. c7 Rc6+ 62. Kd2 h5 63. Ke2 f4 64. Kf2 Rc2+ 65. Kg1 Kf3 66. Kh1
Kg3 67. Ba7 Rxc7 68. Bb6 Rc1+ 69. Bg1 Rxg1+ 70. Kxg1 f3 0-1

[Event "World Blitz 2015"]
[Site "Berlin GER"]
[Date "2015.10.14"]
[Round "21.91"]
[White "Lagunow, Raphael"]
[Black "Thornton, Giovanni Antonio"]
[Result "1-0"]
[WhiteElo "2164"]
[BlackElo "2207"]
[WhiteFideId "24652644"]
[BlackFideId "4300963"]
[EventDate "2015.10.13"]

1. e4 e6 2. b3 d5 3. Bb2 Nf6 4. e5 Nfd7 5. f4 Be7 6. Qg4 O-O 7. Nf3 f5 8. Qh3 c5
9. Na3 a6 10. Rg1 b5 11. c3 b4 12. Nc2 Qe8 13. O-O-O a5 14. g4 Ba6 15. gxf5 Rxf5
16. Ne3 Rh5 17. Qxe6+ Qf7 18. Qxd5 Qxd5 19. Nxd5 Bf8 20. e6 Rxd5 21. exd7 Rxd7
22. c4 Nc6 23. Bh3 Re7 24. f5 Re4 25. f6 g6 26. f7+ 1-0

[Event "World Blitz 2015"]
[Site "Berlin GER"]
[Date "2015.10.14"]
[Round "21.92"]
[White "Koehler, Gerhard2"]
[Black "Carlstedt, Jonathan"]
[Result "0-1"]
[BlackTitle "IM"]
[WhiteElo "2173"]
[BlackElo "2442"]
[WhiteFideId "12909700"]
[BlackFideId "24614386"]
[EventDate "2015.10.13"]

1. c4 e5 2. Nc3 Nf6 3. g3 c6 4. Bg2 d5 5. d4 dxc4 6. dxe5 Qxd1+ 7. Nxd1 Bb4+ 8.
Kf1 Ng4 9. Nf3 Nd7 10. Bf4 O-O 11. h3 Nh6 12. Ne3 c3 13. bxc3 Bxc3 14. Rc1 Bb4
15. Bxh6 gxh6 16. Nf5 h5 17. Rc4 a5 18. Rh4 Nxe5 19. Rxh5 Rd8 20. e3 Ng6 21.
Nh6+ Kg7 22. Nf5+ Bxf5 23. Rxf5 f6 24. h4 Bd6 25. h5 Ne7 26. h6+ Kf7 27. Rfh5 a4
28. Ke2 a3 29. Rb1 Ra7 30. Nd4 Be5 31. Nf5 Nd5 32. Bxd5+ Rxd5 33. Rh4 b5 34. Rg4
Rad7 35. Kf3 Kf8 36. Rc1 c5 37. Rg7 b4 38. e4 Rd3+ 39. Kg4 Bc3 40. Rh1 Rxg7+ 41.
hxg7+ Kg8 42. Rb1 Rd7 43. f4 Rxg7+ 44. Nxg7 Kxg7 45. Kf5 c4 46. e5 fxe5 47. fxe5
b3 48. axb3 a2 49. Rd1 cxb3 50. Rd7+ Kf8 51. Ke6 a1=Q 52. Rd8+ Kg7 53. Rd7+ Kg6 0-1

[Event "World Blitz 2015"]
[Site "Berlin GER"]
[Date "2015.10.14"]
[Round "21.93"]
[White "Rasmussen, Allan Stig"]
[Black "Zepeda, Lorena"]
[Result "1-0"]
[WhiteTitle "GM"]
[BlackTitle "WIM"]
[WhiteElo "2498"]
[BlackElo "2106"]
[WhiteFideId "1406000"]
[BlackFideId "6700233"]
[EventDate "2015.10.13"]

1. d4 Nf6 2. c4 g6 3. Nc3 Bg7 4. e4 d6 5. Nf3 O-O 6. Be2 e5 7. O-O Nc6 8. d5 Ne7
9. Ne1 Nd7 10. Be3 f5 11. f3 f4 12. Bf2 g5 13. Rc1 h5 14. Nd3 Ng6 15. c5 a6 16.
Kh1 Rf7 17. c6 bxc6 18. dxc6 Nf6 19. Nc5 Kh8 20. Bc4 Re7 21. Nb7 Qf8 22. Nxd6
cxd6 23. Qxd6 Re8 24. Rfd1 Qxd6 25. Rxd6 Ne7 26. Bc5 g4 27. Rcd1 gxf3 28. gxf3
Bh3 29. c7 Rec8 30. Rd8+ Neg8 31. Bb6 h4 32. Bxg8 Nxg8 33. Nd5 Kh7 34. Rg1 Be6
35. b4 Nf6 36. Ne7 Rxd8 37. cxd8=Q Rxd8 38. Bxd8 Bxa2 39. Nc6 Bc4 40. Nxe5 Be2
41. Re1 Bb5 42. Kg2 Kg8 43. Ng6 Kf7 44. Nxf4 Nd7 45. Bc7 Ne5 46. Bxe5 Bxe5 47.
Nd5 Bd4 48. f4 Bc4 49. Rc1 Bb5 50. Rc7+ Kg6 51. f5+ Kg5 52. Kf3 Be5 53. Re7 Bxh2
54. Rg7+ Kh6 55. Rg6+ Kh7 56. Nf6+ 1-0